01314nam a2200349Ia 4500001001200000003000800012006001900020007001500039008004100054010001700095020001800112020001800130040002100148035002100169050002500190082001400215245014100229260005900370300001800429504005100447533015200498650002400650650001500674650001500689655002900704700002200733700001700755700002200772710001700794710002700811856012600838ebr10538654CaPaEBRm u cr cn|||||||||110829s2012 enk sb 001 0 eng d z 2011036323 z9781444336801 z9781444362367 aCaPaEBRcCaPaEBR a(OCoLC)77916522714aHF1025b.W582 2012eb04a330.922304aThe Wiley-Blackwell companion to economic geographyh[electronic resource] /cedited by Trevor J. Barnes, Jamie Peck, and Eric Sheppard. aChichester, West Sussex ;aMalden, MA :bWiley,c2012. axviii, 646 p. aIncludes bibliographical references and index. aElectronic reproduction.bPalo Alto, Calif. :cebrary,d2011.nAvailable via World Wide Web.nAccess may be limited to ebrary affiliated libraries. 0aEconomic geography. 0aGeography. 0aEconomics. 7aElectronic books.2local1 aBarnes, Trevor J.1 aPeck, Jamie.1 aSheppard, Eric S.2 aebrary, Inc.2 aWiley-Blackwell (Firm)40uhttp://site.ebrary.com/lib/rucke/Doc?id=10538654zAn electronic book accessible through the World Wide Web; click to view